000 00574nam a2200193 i 4500
001 74325
003 ES-MaACL
005 20230906172105.0
007 t|
008 040917s1971 sp ||||1| spa d
100 1 _aGonzález Quevedo, Oscar.
_958889
245 1 4 _aLas fuerzas físicas de la mente /
_cOscar González Quevedo ; [traducción de José A. Fayós].
250 _a2ª ed.
260 _aSantander :
_bSal Terrae,
_c[1971]
300 _a290 p. ;
_c21 cm.
500 _aEs el v. 1.
700 1 _aFayós, José A.
_949029
852 _aES-MaACL
_jC-45619
_bR.77469
999 _c74325
_d74325